Occupational Names Picture Click Quiz Stats

 Plays Quiz Updated Jul 18, 2018

Score 0/20 Timer 05:00
3 Plays Today
% Correct
Butler
98.1%
Baker
97.1%
Archer
95.5%
Butcher
94.9%
Potter
94.9%
Shepherd
94%
Glover
92.6%
Smith
89.8%
Thatcher
85.2%
Mason
84.8%
% Correct
Brewster
84.2%
Vintner
80.1%
Tailor
77.6%
Fletcher
73.2%
Barker
72.4%
Cooper
72.3%
Webber
65.8%
Glazier
62.7%
Arkwright
55.9%
Dexter
44.5%

You're not logged in!

Compare scores with friends on all Sporcle quizzes.
OR
Log In

Sporcle TV

Today on Sporcle TV


Watch our educational content, quiz creation guides, and fun videos on Sporcle TV.

Show Comments

Extras

Top Quizzes Today


Score Distribution

Your Account Isn't Verified!

In order to create a playlist on Sporcle, you need to verify the email address you used during registration. Go to your Sporcle Settings to finish the process.

Report this User

Report this user for behavior that violates our Community Guidelines.

Details: